Service de Presse et d'Information des Communautés Européennes

Đã lưu trong:
Bibliografiske detaljer
Institution som forfatter: Service de Presse et d'Information des Communautés Européennes
Format: Bog
Sprog:Undetermined
Udgivet: Paris Service de Presse et d'Information des Communautés Européennes
Fag:
Tags: Tilføj Tag
Ingen Tags, Vær først til at tagge denne postø!
Thư viện lưu trữ: Trung tâm Học liệu Trường Đại học Cần Thơ
LEADER 00640nam a2200169Ia 4500
001 CTU_98688
008 210402s9999 xx 000 0 und d
082 |a 338.9 
082 |b S491 
110 |a Service de Presse et d'Information des Communautés Européennes 
245 0 |a Service de Presse et d'Information des Communautés Européennes 
245 0 |c Service de Presse et d'Information des Communautés Européennes 
260 |a Paris 
260 |b Service de Presse et d'Information des Communautés Européennes 
650 |a Developing countries 
904 |i Giang 
980 |a Trung tâm Học liệu Trường Đại học Cần Thơ